| 000 | 00645nam a2200241Ia 4500 | ||
|---|---|---|---|
| 001 | 41342 | ||
| 005 | 20240114003416.0 | ||
| 007 | ta | ||
| 008 | 080310s2003 g b000 u 465 u | ||
| 040 | _aCotton College,Assam | ||
| 041 | _a465 | ||
| 082 |
_a311.9 _bJh 559 De |
||
| 100 | _aJhingan, M.L . | ||
| 245 | 0 |
_aDemography / _cM.L Jhingan,B.K.Bhatt & J.N.Desai. _hTextual Documents |
|
| 250 | _aIst Edn / | ||
| 260 |
_aDelhi : _bVrinda Publications Ltd. , _c2003. |
||
| 300 |
_a252pg ; _c21cm. |
||
| 653 | _aStatistics - Demography | ||
| 653 | _aPG- Statistics | ||
| 942 |
_2ddc _cBK |
||
| 999 |
_c41310 _d41310 |
||